[Event "2nd HD Bank Cup 2012"]
[Site "Ho Chi Minh City VIE"]
[Date "2012.03.02"]
[Round "2.22"]
[White "Gopal,G"]
[Black "Aplin,C"]
[Result "1-0"]
[WhiteElo "2572"]
[BlackElo "2055"]

1.e4 d5 2.exd5 Qxd5 3.Nc3 Qd6 4.d4 Nf6 5.Nf3 a6 6.g3 Bg4 7.Bg2 Nc6 8.O-O O-O-O
9.h3 Bh5 10.Bf4 Qb4 11.g4 Bg6 12.a3 Qc4 13.Ne5 Nxe5 14.Bxe5 e6 15.Qd2 Qc5
16.Rfd1 Qa7 17.b4 Bd6 18.Qe2 Rd7 19.b5 Bxe5 20.Qxe5 Rhd8 21.bxa6 Qxa6 22.Rdb1 Nd5
23.Ne4 f6 24.Qg3 Bxe4 25.Bxe4 Nb6 26.c3 g6 27.a4 Nd5 28.a5 f5 29.Bg2 c6 30.Rb2 Rc7
31.Bf1 Qa7 32.a6 b6 33.Rab1 c5 34.Qd3 b5 35.c4 bxc4 36.Qxc4 Kd7 37.Rb7 Qa8
38.Qe2 Ke7 39.Qe5 Rdd7 40.Rb8 Qa7 41.Qg7+ Kd6 42.Qf8+ Re7 43.Rd8+ Rd7 44.Rb7  1-0

[Event "4th Coral Colon IM"]
[Site "Sabadell ESP"]
[Date "2012.03.02"]
[Round "4"]
[White "Subirats Ruiz,S"]
[Black "Tallo Dominguez,I"]
[Result "0-1"]
[WhiteElo "2160"]
[BlackElo "2170"]

1.e4 d5 2.exd5 Qxd5 3.Nc3 Qd6 4.d4 Nf6 5.Nf3 g6 6.g3 Bg7 7.Bg2 Qa6 8.Bf4 c6
9.Qd2 O-O 10.Ne5 Be6 11.Nd3 Nbd7 12.O-O Qb6 13.Be3 Ng4 14.Na4 Qd8 15.b3 Bd5
16.Bh3 Nxe3 17.fxe3 f5 18.c4 Bf7 19.Rad1 Qc7 20.Nc3 e5 21.dxe5 Nxe5 22.e4 Rad8
23.Qc2 Nxd3 24.Rxd3 Qe5 25.Rxd8 Rxd8 26.Rf3 b5 27.Kf1 b4 28.Ne2 fxe4 29.Rf4 Rd3
30.c5 Bh6 31.Rxf7 Kxf7 32.Nf4  0-1

[Event "TCh-AUT 2 Ost 2011-12"]
[Site "Bruck AUT"]
[Date "2012.03.03"]
[Round "6"]
[White "Kleiser,G"]
[Black "Beck,Hart"]
[Result "1-0"]
[WhiteElo "2263"]
[BlackElo "2305"]

1.e4 d5 2.exd5 Qxd5 3.Nc3 Qd6 4.d4 Nf6 5.Nf3 Bf5 6.g3 c6 7.Bg2 e6 8.O-O Be7
9.Bf4 Qb4 10.Nh4 Bg4 11.Qd2 Nd5 12.a3 Qa5 13.Bxb8 Nxc3 14.bxc3 g5 15.Rab1 Rxb8
16.Bxc6+ Kf8 17.Bxb7 Kg7 18.Ng2 Bh3 19.Bf3 g4 20.Rxb8 Bg5 21.Nf4 gxf3 22.Rxh8 Bxf1
23.Rxh7+ Kxh7 24.Kxf1 Bxf4 25.gxf4 Qh5 26.Qe3 Kg8 27.Ke1 Qxh2 28.Qxf3 Qg1+
29.Kd2 Qf1 30.f5 Qa6 31.f6  1-0

[Event "TCh-BEL 2011-12"]
[Site "Belgium BEL"]
[Date "2012.03.04"]
[Round "9.5"]
[White "Hamdouchi,H"]
[Black "Fridman,Ra"]
[Result "1/2-1/2"]
[WhiteElo "2610"]
[BlackElo "2507"]

1.e4 d5 2.exd5 Qxd5 3.Nc3 Qd8 4.d4 Nf6 5.Nf3 Bg4 6.h3 Bxf3 7.Qxf3 c6 8.Bd2 e6
9.O-O-O Bb4 10.Kb1 Nbd7 11.g4 Nd5 12.Nxd5 Bxd2 13.Ne3 Bxe3 14.fxe3 Qe7 15.c4 e5
16.Bd3 O-O-O 17.Rhf1 Rhf8 18.c5 g6 19.Bc2 Nb8 20.Bb3 f6 21.Bc4 exd4 22.exd4 Rde8
23.Qc3 Qe4+ 24.Ka1 Nd7 25.a3 a6 26.Qb4 f5 27.gxf5 gxf5 28.Rd3 Re7 29.Rd2 f4
30.Rdf2 Qe3 31.Re2 Qxe2 32.Bxe2 Rxe2 33.d5 f3 34.dxc6 bxc6 35.Qc4 Re5 36.Qxa6+ Kd8
37.Qxc6 f2 38.Qa8+ Ke7 39.Qa5 Nxc5 40.Ka2 Rff5 41.Qb4 Kf7 42.Qc4+ Kg6 43.Qg4+ Kf7
44.Qh4 Ne4 45.Qxh7+ Ke6 46.Qh6+ Rf6 47.Qe3 Nd6 48.Qb6 Re2 49.Qd4 Re4 50.Qd2 Ref4
51.Qe3+ Kf7 52.h4 Rf3 53.Qd2 Kg6 54.Qg5+ Kh7 55.Kb1 R3f4 56.Qh5+ Kg7 57.Qe2 Ne4
58.h5 Kh6 59.Qe3 Kxh5 60.Rh1+ Kg6 61.Ka2 Ng5  1/2-1/2

[Event "TCh-BEL 2011-12"]
[Site "Belgium BEL"]
[Date "2012.03.04"]
[Round "9.5"]
[White "Hamdouchi,H"]
[Black "Fridman,Ra"]
[Result "1/2-1/2"]
[WhiteElo "2610"]
[BlackElo "2507"]

1.e4 d5 2.exd5 Qxd5 3.Nc3 Qd8 4.d4 Nf6 5.Nf3 Bg4 6.h3 Bxf3 7.Qxf3 c6 8.Bd2 e6
9.O-O-O Bb4 10.Kb1 Nbd7 11.g4 Nd5 12.Nxd5 Bxd2 13.Ne3 Bxe3 14.fxe3 Qe7 15.c4 e5
16.Bd3 O-O-O 17.Rhf1 Rhf8 18.c5 g6 19.Bc2 Nb8 20.Bb3 f6 21.Bc4 exd4 22.exd4 Rde8
23.Qc3 Qe4+ 24.Ka1 Nd7 25.a3 a6 26.Qb4 f5 27.gxf5 gxf5 28.Rd3 Re7 29.Rd2 f4
30.Rdf2 Qe3 31.Be2  1/2-1/2

[Event "TCh-CZE Extraliga 2011-12"]
[Site "Czech Republic CZE"]
[Date "2012.03.04"]
[Round "8.8"]
[White "Pisk,P"]
[Black "Vojta,T"]
[Result "1/2-1/2"]
[WhiteElo "2385"]
[BlackElo "2351"]

1.e4 d5 2.exd5 Qxd5 3.Nc3 Qd6 4.d4 Nf6 5.Nf3 a6 6.g3 b5 7.Bg2 Bb7 8.O-O e6
9.Bf4 Qb6 10.a4 b4 11.a5 Qa7 12.Bxc7 Nbd7 13.Ne2 Nd5 14.Be5 Rc8 15.Rc1 Qa8
16.c4 bxc3 17.bxc3 Ba3 18.Bxg7 Rg8 19.Ra1 Nxc3 20.Nxc3 Rxc3 21.d5 Rxg7 22.Qd4 Rxf3
23.Bxf3 e5 24.Qa4 Bd6 25.Bg4 f6 26.Rab1 Kd8 27.Rfc1 Nc5 28.Qb4 Qa7 29.Qb6+ Qxb6
30.Rxb6 Kc7 31.Be2 Bxd5 32.Rxa6 Rg8 33.Ra7+ Kc6 34.Rxh7 Ra8 35.a6 Kb6 36.Rb1+ Kc6
37.Bb5+ Kb6 38.Bc4+ Kc6 39.Bb5+ Kb6 40.Bf1+ Kc6 41.Bb5+  1/2-1/2

[Event "European Ind w 2012"]
[Site "Gaziantep TUR"]
[Date "2012.03.05"]
[Round "4"]
[White "Muzychuk,A"]
[Black "Bojkovic,N"]
[Result "1-0"]
[WhiteElo "2583"]
[BlackElo "2395"]

1.e4 d5 2.exd5 Qxd5 3.Nc3 Qd6 4.d4 Nf6 5.Nf3 g6 6.Bc4 Bg7 7.h3 O-O 8.O-O a6
9.a4 Nc6 10.b3 Ne8 11.Ba3 Qd8 12.Re1 Nd6 13.Bd5 Bd7 14.Ne5 Nf5 15.Bxc6 Bxc6
16.d5 Bd7 17.Qf3 a5 18.Rad1 Nd6 19.Rd2 Nf5 20.Nb1 Be8 21.c4 f6 22.Nd3 b6
23.Nf4 Bf7 24.Rdd1 Bh6 25.Ne6 Bxe6 26.Rxe6 Re8 27.Nc3 Bf8 28.Nb5 Qd7 29.g4 Nd6
30.Bxd6 cxd6 31.Rde1 Rac8 32.Kg2 Bg7 33.Qe3 Kf7 34.Qxb6 Qd8 35.Nxd6+ exd6
36.Rxe8  1-0

[Event "European Ind w 2012"]
[Site "Gaziantep TUR"]
[Date "2012.03.06"]
[Round "5"]
[White "Bezgodova,M"]
[Black "Mikadze,M"]
[Result "1/2-1/2"]
[WhiteElo "2200"]
[BlackElo "2329"]

1.e4 d5 2.exd5 Qxd5 3.Nc3 Qd6 4.d4 Nf6 5.Nf3 c6 6.h3 Bf5 7.Bc4 Nbd7 8.Qe2 e6
9.Bg5 Be7 10.Bh4 Nb6 11.Bb3 a5 12.Bg3 Qd8 13.a4 O-O 14.O-O Nbd5 15.Bxd5 exd5
16.Nd1 Ne4 17.Bh2 Qb6 18.Ne3 Be6 19.c3 Rfe8 20.Ne5 Bf8 21.Nd3 f6 22.Rfe1 Bf7
23.Qg4 g6 24.Qh4 Bg7 25.Qf4 h5 26.h4 Kh7 27.Nf1 Re7 28.Qc1 Bf8 29.f3 Nd6
30.Qf4 Kg7 31.Rxe7 Bxe7 32.Re1 Nf5 33.Qc7 Qxc7 34.Bxc7 Bd8 35.Bxd8 Rxd8 36.g3 Kf8
37.Nc5 Nd6 38.Nd2 b6 39.Ne6+ Bxe6 40.Rxe6 Kf7 41.Re1 Nf5 42.Kf2 Rd6 43.Rb1 Ke6
44.b4 axb4 45.Rxb4 c5 46.dxc5 bxc5 47.Rb5 c4 48.Nf1 Ra6 49.Rb4 Ke5 50.Ne3 Nd6
51.Nc2 g5 52.Nd4 g4 53.Ke3 gxf3 54.Nxf3+ Kf5 55.Nd4+ Kg4 56.Rb8 Rxa4 57.Rg8+ Kh3
58.Ne2 Ne4 59.Nf4+ Kh2 60.Nxd5 Nxg3 61.Nxf6  1/2-1/2

[Event "2nd HD Bank Cup 2012"]
[Site "Ho Chi Minh City VIE"]
[Date "2012.03.06"]
[Round "7.25"]
[White "Gu Xiaobing"]
[Black "Le Hoang Tran Chau"]
[Result "1/2-1/2"]
[WhiteElo "2257"]
[BlackElo "2093"]

1.e4 d5 2.exd5 Qxd5 3.Nc3 Qd6 4.d4 Nf6 5.Nf3 c6 6.g3 Bg4 7.Bg2 e6 8.O-O Be7
9.Bf4 Qd8 10.h3 Bxf3 11.Qxf3 Nbd7 12.Rad1 Nb6 13.b3 Nbd5 14.Nxd5 exd5 15.c4 O-O
16.Rfe1 Re8 17.Qd3 Qa5 18.Be5 Rad8 19.c5 Nd7 20.Bf4 Bf6 21.Re2 Rxe2 22.Qxe2 Nf8
23.Qc2 Re8 24.Bd2 Qc7 25.Qd3 Qe7 26.Re1 Qd8 27.Rb1 Qe7 28.b4 Qe2 29.Qc3 Ne6
30.Re1 Qa6 31.Bf1 b5 32.Qb2 Qc8 33.Bc3 Ng5 34.Rxe8+ Qxe8 35.a4 a6 36.Bg2 h6
37.Qa1 Ne6 38.h4 Nc7 39.Bf1 bxa4 40.Qxa4 Nb5 41.Qa1 Nxc3 42.Qxc3 Qe4 43.Bxa6 Bxd4
44.Qd2 Qe5 45.Kg2 Bc3 46.Qe3 Qxe3 47.fxe3 Bxb4 48.Bb7 Bxc5 49.Bxc6 Bxe3 50.Bxd5 h5
51.Kf3 Bd2 52.Ke2 Bb4 53.Bf3 g6 54.g4 hxg4 55.Bxg4 Kg7 56.h5 g5 57.Ke3 Kf6
58.Ke4 Bf8 59.Bf5 Bg7 60.Bg4 Bh6  1/2-1/2

[Event "2nd HD Bank Cup 2012"]
[Site "Ho Chi Minh City VIE"]
[Date "2012.03.06"]
[Round "8.1"]
[White "Gao Rui"]
[Black "Ni Hua"]
[Result "0-1"]
[WhiteElo "2417"]
[BlackElo "2637"]

1.e4 d5 2.exd5 Qxd5 3.Nc3 Qd6 4.d4 Nf6 5.Nf3 c6 6.Ne5 Nbd7 7.Bf4 Nd5 8.Nxd5 Qxd5
9.Nf3 Nb6 10.Be2 Bf5 11.c3 Qe4 12.Bg3 Qc2 13.Qxc2 Bxc2 14.Ne5 e6 15.Nd3 Na4
16.Bd1 Bxd3 17.Bxa4 O-O-O 18.O-O-O Bc4 19.Bb3 Bd5 20.f3 b5 21.Kc2 Kb7 22.a4 a6
23.Bxd5 Rxd5 24.Rhe1 Be7 25.Re5 Rhd8 26.Rde1 Kb6 27.b3 R5d7 28.Bf2 Kb7 29.R1e2 g6
30.R5e4 h5 31.Bg3 b4 32.Be5 bxc3 33.Kxc3 f5 34.R4e3 c5 35.Rd3 Rd5 36.Bf4 cxd4+
37.Kb2 Re8 38.Be5 g5 39.h4 gxh4 40.f4 Red8 41.Rc2 Bb4 42.Bf6 Bc3+ 43.Ka3 Rg8
44.Bxh4 a5 45.Bf6 Rg6 46.Bh4 Rc5 47.Re2 Kc6 48.g3 Kd6 49.Bd8 Kd7 50.Bh4 Rd5
51.Ka2 Ke8 52.Ka3 Kf7 53.Ka2 Rg8 54.Rc2 Rc8 55.Bg5 Rcc5 56.Rh2 Kg6 57.Be7 Rc7
58.Ba3 e5 59.fxe5 Rxe5 60.Bb2 Re3 61.Rxe3 dxe3 62.Bxc3 Rxc3 63.Re2 h4 64.Kb2 Rc8
65.Rxe3 h3 66.b4 axb4 67.a5 h2 68.Re1 Rh8  0-1

[Event "2nd HD Bank Cup 2012"]
[Site "Ho Chi Minh City VIE"]
[Date "2012.03.07"]
[Round "9.31"]
[White "Legaspi,R"]
[Black "Le Hoang Tran Chau"]
[Result "1-0"]
[WhiteElo "2273"]
[BlackElo "2093"]

1.e4 d5 2.exd5 Qxd5 3.Nc3 Qd6 4.d4 Nf6 5.Nf3 c6 6.Ne5 Nbd7 7.Bf4 Nxe5 8.Bxe5 Qd8
9.Bc4 e6 10.Qf3 Nd7 11.Bg3 Qf6 12.Qe3 Bb4 13.O-O Bxc3 14.Qxc3 O-O 15.Rfe1 b6
16.Bd3 Bb7 17.Be4 Rac8 18.Qa3 a5 19.c4 Ba6 20.c5 Qd8 21.Bd6 Re8 22.Qb3 b5
23.Qh3 g6 24.Qf3 Bb7 25.Bd3 Qf6 26.Qe4 Qf5 27.Qe3 Qf6 28.Rad1 Ra8 29.Qe4 Qf5
30.Qh4 Qf6 31.Qh3 b4 32.Be4 Rac8 33.f4 Ba6 34.Qf3 Bb5 35.Re3 Qd8 36.Rc1 Qf6
37.Qd1 Qd8 38.g4 Nf6 39.Bg2 h5 40.gxh5 Nxh5 41.Be5 f6 42.Bd6 Kf7 43.Qb3 Ng7
44.Rce1 Qd7 45.Bh3 Ra8 46.Kf2 Rac8 47.Rg1 Rg8 48.Reg3 Ne8 49.f5 Ng7 50.Rxg6  1-0

[Event "FSIM March 2012"]
[Site "Budapest HUN"]
[Date "2012.03.08"]
[Round "6"]
[White "Gledura,B"]
[Black "Szeberenyi,A"]
[Result "0-1"]
[WhiteElo "2283"]
[BlackElo "2305"]

1.e4 d5 2.exd5 Qxd5 3.Nc3 Qd6 4.d4 Nf6 5.Nf3 a6 6.g3 Bg4 7.h3 Bxf3 8.Qxf3 Nc6
9.Be3 e5 10.d5 Nd4 11.Qd1 Nxd5 12.Bxd4 exd4 13.Qxd4 Nxc3 14.Qxd6 Bxd6 15.bxc3 O-O-O
16.Bd3 Be5 17.Kd2 Rd5 18.Rab1 Ra5 19.Rhe1 Bf6 20.Rb2 Ra3 21.Bf5+ Kb8 22.Re3 Rd8+
23.Ke2 Rxc3 24.Rb3 Rc5 25.Be4 c6 26.Bd3 Ra5 27.Bc4 Rc5 28.Bd3 Kc7 29.f4 Ra5
30.a3 h6 31.Bc4 Rc5 32.Bd3 b5 33.Re4 Rd4 34.Rxd4 Bxd4 35.Rb4 Bf6 36.a4 a5
37.Rb3 bxa4 38.Ra3 Bc3 39.Rxa4 Bb4 40.c4 g5 41.Kf3 gxf4 42.gxf4 Kd6 43.Ra2 Be1
44.Re2 Bh4 45.Re8 Kc7 46.Rf8 Kb6 47.Rxf7 a4 48.Rg7 a3 49.Rg2 Bf6 50.f5 Bb2
51.Kg4 Ka5 52.Bb1 Rxc4+ 53.Kh5 Kb4 54.Ba2 Rf4 55.Rg4 Rxg4 56.hxg4 c5 57.Kxh6 c4
58.g5 Bd4 59.f6 c3 60.f7 Bc5 61.g6 c2 62.g7 c1=Q+ 63.Kh7 Qc2+ 64.Kh6 Be3+
65.Kh5 Qf5+  0-1

[Event "83rd ch-GER 2012"]
[Site "Osterburg GER"]
[Date "2012.03.08"]
[Round "7"]
[White "Schuetze,N"]
[Black "Bartsch,B"]
[Result "0-1"]
[WhiteElo "2258"]
[BlackElo "2284"]

1.e4 d5 2.exd5 Qxd5 3.Nc3 Qd6 4.d4 Nf6 5.Nf3 a6 6.g3 Bf5 7.Bg2 Nbd7 8.O-O e6
9.Bf4 Qb6 10.Na4 Qa5 11.c4 c6 12.Nc3 Bb4 13.Ne2 O-O 14.a3 Be7 15.b4 Qd8 16.Nc3 Ne4
17.Nxe4 Bxe4 18.Qe2 Nf6 19.Be5 Bg6 20.Nd2 a5 21.b5 cxb5 22.cxb5 Nd5 23.Rfc1 Re8
24.Nb3 a4 25.Nc5 b6 26.Na6 Rc8 27.Qb2 Qd7 28.Rc6 Rxc6 29.bxc6 Qxc6 30.Rc1 Qd7
31.Nb8 Qb7 32.Rc7 Qxb8 33.Rxe7 Qc8 34.Ra7 Qc2 35.Qxc2 Bxc2 36.Kf1 b5 37.Bd6 Rc8
38.Ke1 Bd3 39.Kd2 Bc4 40.Bc5 Rd8 41.Bxd5 Bxd5 42.f4 h6 43.h4 Rc8 44.Ke3 f6
45.Re7 h5 46.Ra7 Kh7 47.Re7 Kg6 48.Ra7 Rg8 49.Ra5 Bc4 50.Ke4 Bf1 51.Bb4 Rc8
52.Bc5 Bc4 53.Ra7 Bd5+ 54.Ke3 Bc4 55.Ke4 Bf1 56.Ke3 Rg8 57.Kf2 Bc4 58.Ke3 Kf5
59.Re7 g6 60.Bb4 Kg4 61.Kf2 Bd5 62.Bc5 g5 63.hxg5 fxg5 64.fxg5 Rf8+ 65.Ke1 Rg8
66.Kf2 Rxg5 67.Bd6 Rf5+ 68.Bf4 b4 69.Rg7+ Kh3 70.axb4 a3 71.Ra7 a2 72.Ke3 Rf7
73.Ra3 Rf8  0-1

[Event "Reykjavik Open"]
[Site "Reykjavik ISL"]
[Date "2012.03.09"]
[Round "4.43"]
[White "Michalczak,T"]
[Black "Ragnarsson,J"]
[Result "1-0"]
[WhiteElo "2326"]
[BlackElo "2082"]

1.e4 d5 2.exd5 Qxd5 3.Nc3 Qd6 4.d4 Nf6 5.Nf3 c6 6.g3 Bg4 7.Bg2 e6 8.O-O Be7
9.Ne2 O-O 10.c4 Rd8 11.Bf4 Qb4 12.b3 c5 13.Bc7 cxd4 14.Bxd8 Bxd8 15.Nfxd4 Na6
16.h3 Bh5 17.a3 Qe7 18.b4 Rb8 19.Nb5 Bc7 20.Nxc7 Qxc7 21.Rc1 Rd8 22.Qc2 Bg6
23.Qb2 Be4 24.Rfd1 Rc8 25.Qd4 Bxg2 26.Kxg2 Qc6+ 27.Kh2 Qf3 28.Ng1  1-0

[Event "Reykjavik Open"]
[Site "Reykjavik ISL"]
[Date "2012.03.09"]
[Round "4.49"]
[White "Thorsteinsdottir,H"]
[Black "Ptacnikova,L"]
[Result "1-0"]
[WhiteElo "1959"]
[BlackElo "2289"]

1.e4 d5 2.exd5 Qxd5 3.Nc3 Qd6 4.d4 Nf6 5.Nf3 g6 6.g3 c6 7.Bg2 Bg7 8.O-O Bg4
9.h3 Bxf3 10.Bxf3 e6 11.Bf4 Qd8 12.Qd2 O-O 13.Rad1 Re8 14.Ne4 Nxe4 15.Bxe4 Nd7
16.c3 Nf6 17.Bb1 Nd5 18.Bg5 Qb6 19.Kh2 Rac8 20.h4 e5 21.dxe5 Rxe5 22.c4 Nf6
23.Kg2 Rce8 24.Be3 c5 25.Bd3 Qc6+ 26.Kg1 Ne4 27.Bxe4 Qxe4 28.b3 Qf3 29.Rfe1 h5
30.Bxc5 Re2 31.Rxe2 Rxe2 32.Qd3 Re1+  1-0

[Event "TCh-SWE 2011-12"]
[Site "Sweden SWE"]
[Date "2012.03.09"]
[Round "7"]
[White "Berg,E"]
[Black "Engqvist,T"]
[Result "1-0"]
[WhiteElo "2575"]
[BlackElo "2353"]

1.e4 d5 2.exd5 Qxd5 3.Nc3 Qd6 4.d4 Nf6 5.Bc4 c6 6.Nge2 Nbd7 7.O-O e5 8.Re1 Be7
9.Ng3 Nb6 10.dxe5 Qxd1 11.Nxd1 Nxc4 12.exf6 gxf6 13.b3 Nd6 14.Nh5 Kd8 15.Bb2 Ne8
16.Ne3 Be6 17.f4 Rg8 18.Rad1+ Kc8 19.Kf1 Bd8 20.f5 Bd7 21.Re2 Ba5 22.Bxf6 b5
23.c3 a6 24.Red2 Ra7 25.b4 Bb6 26.Bd4 Bxd4 27.Rxd4 f6 28.c4 Rf8 29.c5 Rf7
30.a4 bxa4 31.Nc4 Kd8 32.g4 Nc7 33.Nd6 Rf8 34.Nf4 Nd5 35.Kf2 Kc7 36.Ra1 Nc3
37.Rd3 Nd5 38.Rd4 Nc3 39.Ne6+ Bxe6 40.fxe6 Kb8 41.Rd3 Nd5 42.Rxa4 h5 43.Rda3 Nf4
44.e7 Rxe7 45.Rxa6 Re2+ 46.Kf3  1-0

[Event "TCh-SWE 2011-12"]
[Site "Sweden SWE"]
[Date "2012.03.09"]
[Round "7"]
[White "Smith,Ax"]
[Black "Cicak,S"]
[Result "1/2-1/2"]
[WhiteElo "2488"]
[BlackElo "2566"]

1.e4 d5 2.exd5 Qxd5 3.Nc3 Qd6 4.d4 c6 5.Nf3 Bg4 6.Be3 e6 7.h3 Bh5 8.g4 Bg6
9.Ne5 Nd7 10.Nxg6 hxg6 11.Qf3 Qc7 12.O-O-O Bb4 13.Ne4 Ngf6 14.a3 Be7 15.Bf4 Qa5
16.Nd6+ Bxd6 17.Bxd6 Qd5 18.Qxd5 cxd5 19.Bg2 Nb6 20.Rhe1 Nc4 21.Bf4 Kd7 22.Kb1 Rac8
23.Rd3 b5 24.Re2 Rc6 25.Rf3 Ne4 26.Rd3 f5 27.gxf5 gxf5 28.Bxe4 dxe4 29.Rg3 Rh7
30.Ka2 Ke7 31.f3 exf3 32.Rxf3 Kf7 33.Bb8 Ra6 34.d5 g6 35.dxe6+ Rxe6 36.Rxe6 Kxe6
37.b3 Nd2 38.Rc3 Rb7 39.Rc6+ Kd5 40.Rd6+ Ke4 41.Rd8 Ke3 42.Be5 g5 43.Bd4+ Ke4
44.Bf6 Nf3 45.c4 bxc4 46.bxc4 f4 47.c5 Kf5 48.Rf8 Ke6 49.Bd8 Kd7 50.h4 Rb8
51.hxg5 Nxg5 52.c6+ Kxc6 53.Rf6+ Kd7 54.Ba5 Rb5 55.Bd2 Ne6 56.Rf7+ Ke8 57.Rxa7 f3
58.Be3 Re5 59.Bg1 Re1 60.Bb6 Nf4 61.Ra5 Re4 62.Rg5 Kd7 63.Rg3 Kc6 64.Ba7 Kb7
65.Bc5 Nd3 66.Rxf3 Nxc5 67.Rf6 Re2+ 68.Kb1 Ne4 69.Rh6 Nc5 70.Kc1 Kc7 71.Kd1 Ra2
72.Rg6 Ne4 73.Rh6 Kd7 74.Ke1 Ke7 75.a4 Rxa4 76.Ke2 Ra3 77.Rb6 Nd6 78.Rb8 Ke6
79.Rh8 Ke5 80.Rh7 Nf5 81.Rh8 Ng3+ 82.Kd2 Ne4+ 83.Ke2 Nf6 84.Rb8 Nd5 85.Rh8 Nf4+
86.Kf2 Ne6 87.Re8 Kf5 88.Rb8 Kg4 89.Re8 Ng5 90.Ke2 Nf3 91.Rb8 Nd4+ 92.Kd2 Kf4
93.Rf8+  1/2-1/2

[Event "Zagreb Open A"]
[Site "Zagreb CRO"]
[Date "2012.03.09"]
[Round "5.19"]
[White "Plenca,J"]
[Black "Bender,I"]
[Result "1-0"]
[WhiteElo "2317"]
[BlackElo "2272"]

1.e4 d5 2.exd5 Qxd5 3.Nc3 Qd6 4.d4 Nf6 5.Nf3 c6 6.g3 g6 7.Bf4 Qd8 8.Bg2 Bg7
9.O-O O-O 10.Qd2 Bf5 11.Rfe1 Nbd7 12.Nh4 Bg4 13.Bh6 Nb6 14.Bxg7 Kxg7 15.h3 Nc4
16.Qf4 Be6 17.b3 Na3 18.Re2 Qa5 19.Qe3 Rad8 20.Na4 Nb5 21.Nf3 Bd5 22.c3 Rd6
23.Rae1 Bxf3 24.Bxf3 Re6 25.Qd3 Rxe2 26.Rxe2 e6 27.h4 Rd8 28.Re5 Qc7 29.Qe3 Nd7
30.Rg5 h6 31.Rg4 Nf6 32.Rf4 g5 33.hxg5 hxg5 34.Rf5 exf5 35.Qxg5+ Kf8 36.Qxf6 Qd6
37.Qxf5 Qg6 38.Qf4 b6 39.Be4 Qd6 40.Qf3 c5 41.dxc5 bxc5 42.Qh5 Re8 43.Bd5 Re1+
44.Kg2 Qg6 45.Qxg6 fxg6 46.Bc6 Na3 47.Nxc5 Ra1 48.Be4 Kg7 49.c4 Rxa2 50.Nd3 Rc2
51.c5 a5 52.c6 Nb5 53.Ne5 Rc3 54.Nc4 Rxb3 55.Nxa5 Rc3 56.Nb7 Nd4 57.Na5 Kf6
58.Kh3 Rc5 59.Nb7 Rc3 60.Na5 Rc5 61.Nb7 Rc1 62.Na5 Ne6 63.Kg2 g5 64.Nb3 Rc3
65.Nd2 Nd8 66.Bf3 Kg6 67.Be4+ Kh5 68.Bf3+ Kg6 69.Be4+ Kh5 70.Bf3+ Kh6 71.Ne4 Rc1
72.Nd6 Kg7 73.Ne8+ Kh6 74.Nc7 Nf7 75.Nd5 Ne5 76.Ne3 Kg7 77.Ng4 Nc4 78.Be2 Nd6
79.Bd3 Kf7 80.Kf3 Ke6 81.Ke3 Kd5 82.Nf6+ Ke5 83.Ne4 Nf5+ 84.Kf3  1-0

[Event "TCh-FIN SM-Liiga 2011-12"]
[Site "Helsinki FIN"]
[Date "2012.03.11"]
[Round "10.2"]
[White "Hartikainen,M"]
[Black "Holmsten,A"]
[Result "1-0"]
[WhiteElo "2294"]
[BlackElo "2350"]

1.e4 d5 2.exd5 Qxd5 3.Nc3 Qd8 4.d4 Nf6 5.Nf3 g6 6.Bc4 Bg7 7.O-O O-O 8.h3 a6
9.Bb3 b5 10.a4 b4 11.Ne2 Bb7 12.Nf4 a5 13.Re1 Nbd7 14.Qe2 e6 15.Ng5 Bd5 16.Nxd5 exd5
17.Bf4 c5 18.dxc5 Nxc5 19.Qe3 Nh5 20.Qxc5 Nxf4 21.Nf3 Bxb2 22.Rad1 Qf6 23.Kh2 Rfd8
24.Qe7 Rac8 25.Qa7 Rc3 26.Re3 Rxe3 27.Qxe3 d4 28.Qe4 Bc3 29.Qb7 Re8 30.g3 Ne6
31.Kg2 Kg7 32.Qb5 Qd8 33.Rd3 Re7 34.Ne5 Qc7 35.Nc6 Re8 36.Nxa5 Rb8 37.Qd5 Rd8
38.Qb7 Qxa5 39.Bxe6 Qa8 40.Bd5 Qxb7 41.Bxb7 Rd7 42.Bc6 Re7 43.Bf3 Re6 44.Bd5 Re1
45.h4 f5 46.Kf3 h6 47.Bc4 Kf6 48.g4 Ke5 49.gxf5 gxf5 50.Kg2 f4 51.Rh3 Ra1
52.Bb3 Ke4 53.h5 Ra3 54.Rd3 Ra1 55.Rh3 Rb1 56.Bc4 Ra1 57.Bb3 Rc1 58.Bc4 Bd2
59.a5 b3 60.Rxb3 Ra1 61.a6 Ba5 62.Be2 Ke5 63.Kf3 Bc7 64.Rb7  1-0

[Event "Reykjavik Open"]
[Site "Reykjavik ISL"]
[Date "2012.03.11"]
[Round "6.44"]
[White "Arngrimsson,D"]
[Black "Ragnarsson,J"]
[Result "1-0"]
[WhiteElo "2361"]
[BlackElo "2082"]

1.e4 d5 2.exd5 Qxd5 3.Nc3 Qd6 4.d4 Nf6 5.h3 c6 6.Nf3 Bf5 7.Ne5 Nbd7 8.Nc4 Qc7
9.Qf3 Be6 10.Bf4 Qd8 11.O-O-O Nd5 12.Nxd5 Bxd5 13.Qg3 Nf6 14.Be5 b5 15.Bxf6 bxc4
16.Be5 Qa5 17.Kb1 c3 18.b3 e6 19.Bc7 Qb4 20.Rd3 a5 21.Rxc3 c5 22.dxc5 Bxc5
23.a3 Qd4 24.Bb5+ Ke7 25.Qg5+ Kf8 26.Be5  1-0

[Event "6th Agzamov Memorial"]
[Site "Tashkent UZB"]
[Date "2012.03.11"]
[Round "6"]
[White "Rustamov,Al"]
[Black "Vakhidov,J"]
[Result "0-1"]
[WhiteElo "2205"]
[BlackElo "2396"]

1.e4 d5 2.exd5 Qxd5 3.Nc3 Qd6 4.d4 Nf6 5.Be2 g6 6.Bf3 Bg7 7.Nge2 O-O 8.Bf4 Qb6
9.O-O c6 10.Na4 Qa5 11.Nc5 Nbd7 12.Nd3 Nd5 13.Bg3 Qb6 14.c4 Nb4 15.c5 Qb5
16.Nxb4 Qxb4 17.a3 Qb5 18.b4 a5 19.a4 Qxb4 20.Qd3 Nf6 21.Rfb1 Bf5 22.Rxb4 Bxd3
23.Rxb7 Bxe2 24.Bxe2 Nd5 25.Be5 Bxe5 26.dxe5 e6 27.Bf3 Rfd8 28.g3 Nb4 29.Rc7 Rab8
30.Bxc6 Rbc8 31.Rxc8 Rxc8 32.Bb5 Rxc5 33.f4 h6 34.Rd1 Nd5 35.Rd2 g5 36.fxg5 hxg5
37.Kg2 Kg7 38.Kf3 Nc7 39.Bd3 Rxe5 40.Rc2 Nd5 41.Bb5 Re3+ 42.Kf2 Ra3 43.Rc5 Kf6
44.Bc6 Nb4 45.Bb5 Rxa4 46.Rc7 Ra2+ 47.Kf3 Rxh2 48.Be8 Rh7 49.Ra7 Nd3 50.Rxa5 Rh8
51.Bb5 Ne5+ 52.Kg2 Rc8 53.Ra2 Rc5 54.Rf2+ Ke7 55.Rb2 Nc4 56.Rb4 Ne3+ 57.Kf2 Nf5
58.Bd3 Kf6 59.Rb7 Nh6 60.Be2 Rc2 61.Kf3 Ra2 62.Bd3 g4+ 63.Kf4 Rf2+ 64.Ke4 Nf5  0-1

[Event "Reykjavik Open"]
[Site "Reykjavik ISL"]
[Date "2012.03.12"]
[Round "8.34"]
[White "Michalczak,T"]
[Black "Ornolfsson,M"]
[Result "1-0"]
[WhiteElo "2326"]
[BlackElo "2175"]

1.e4 d5 2.exd5 Qxd5 3.Nc3 Qd6 4.d4 Nf6 5.Nf3 c6 6.g3 Bg4 7.Bg2 e6 8.O-O Be7
9.h3 Bxf3 10.Bxf3 Nbd7 11.Bf4 Qb4 12.a3 Qxb2 13.Qd3 Qb6 14.Rfb1 Qa5 15.Rxb7 Rc8
16.Bd2 Qd8 17.Rxa7 O-O 18.Ne4 Nxe4 19.Bxe4 Nf6 20.Ba5 Qe8 21.Bg2 c5 22.Bb7 Qd7
23.Qa6 Rb8 24.Bf3 Qd6 25.Qxd6 Bxd6 26.Ra6 Be7 27.Ra7 Bd6 28.dxc5 Bxc5 29.Rc7 Rfc8
30.a4 Rxc7 31.Bxc7 Rb2 32.a5 Bxf2+ 33.Kxf2 Rxc2+ 34.Ke3 Rxc7 35.a6 Ra7 36.Bb7 Kf8
37.Kd4 Nd7 38.Kc4 Nb8 39.Ra3 Ke7 40.Kc5 Nxa6+ 41.Bxa6 f5 42.Kb6 Ra8 43.Re3 Kf6
44.Rd3 Re8 45.Kc5 g5 46.Rd7 Re7 47.Rd8 Ke5 48.Bb5 f4 49.g4 Rc7+ 50.Bc6 f3
51.Rf8 h6 52.Rxf3 Rh7 53.Re3+ Kf4 54.Rf3+ Ke5 55.Re3+ Kf4 56.Kd4 e5+ 57.Kd3 e4+
58.Bxe4 Rd7+ 59.Ke2 Rd4 60.Bg6 Rd6 61.Rf3+ Ke5 62.Re3+ Kf4 63.Rf3+ Ke5 64.Bd3 Rb6
65.Ke3 Rc6 66.Rf5+ Ke6 67.Kd4 Rd6+ 68.Ke4 Rc6 69.Ra5 Kf6 70.Ra6 Rxa6 71.Bxa6 h5
72.Kd5  1-0

[Event "Zagreb Open A"]
[Site "Zagreb CRO"]
[Date "2012.03.12"]
[Round "9.19"]
[White "Blazeka,M"]
[Black "Bender,I"]
[Result "1/2-1/2"]
[WhiteElo "2208"]
[BlackElo "2272"]

1.e4 d5 2.exd5 Qxd5 3.Nc3 Qd6 4.d4 Nf6 5.Nge2 c6 6.Bf4 Qd8 7.Qd2 Bf5 8.Ng3 Bg6
9.h4 h6 10.h5 Bh7 11.O-O-O e6 12.Qe3 Be7 13.Bd3 Bxd3 14.Qxd3 Nbd7 15.Kb1 Nd5
16.Nxd5 cxd5 17.Be5 Nxe5 18.dxe5 Qc7 19.f4 O-O-O 20.Ne2 Kb8 21.Rh3 Rhe8 22.Rg3 Bf8
23.Nd4 a6 24.Qb3 Rc8 25.Qa4 f6 26.Re3 Bc5 27.c3 Qf7 28.exf6 gxf6 29.Rde1 Bxd4
30.Qxd4 Rc4 31.Qb6 Rc6 32.Qd4 Rc4 33.Qb6 Rc6 34.Qd4 Rc4  1/2-1/2

[Event "European Ind w Rapid 2012"]
[Site "Gaziantep TUR"]
[Date "2012.03.15"]
[Round "4"]
[White "Muzychuk,M"]
[Black "Stefanova,A"]
[Result "1/2-1/2"]
[WhiteElo "2490"]
[BlackElo "2531"]

1.e4 d5 2.exd5 Qxd5 3.Nc3 Qd6 4.d4 Nf6 5.Nf3 g6 6.Nb5 Qb6 7.c4 c6 8.Nc3 Bg7
9.Be2 O-O 10.O-O Bg4 11.Be3 Bxf3 12.Bxf3 Qxb2 13.Na4 Qb4 14.Qc2 Qd6 15.Rab1 Qc7
16.Nc5 b6 17.Nd3 Nbd7 18.Nb4 Rae8 19.Nxc6 e5 20.dxe5 Nxe5 21.Nxe5 Qxe5 22.c5 Rc8
23.c6 Nd5 24.Bxd5 Qxd5 25.Rbc1 Be5 26.Rfd1 Qe6 27.Rd7 Rc7 28.Rxc7 Bxc7 29.Qa4 a5
30.g3 h5 31.a3 Rd8 32.Rb1 Qf5 33.Rd1 Rxd1+ 34.Qxd1 Qe6 35.Qc1 b5 36.Qc5 b4
37.axb4 axb4 38.Qxb4 Qxc6 39.Bf4 Bb6 40.Qd6 Qxd6  1/2-1/2

[Event "European Ind w Rapid 2012"]
[Site "Gaziantep TUR"]
[Date "2012.03.15"]
[Round "6"]
[White "Kosteniuk,A"]
[Black "Stefanova,A"]
[Result "1-0"]
[WhiteElo "2448"]
[BlackElo "2531"]

1.e4 d5 2.exd5 Qxd5 3.Nc3 Qd6 4.Nf3 Nf6 5.d4 g6 6.Ne5 Bg7 7.Bc4 O-O 8.O-O Nc6
9.Nb5 Qd8 10.c3 a6 11.Nxc6 bxc6 12.Na3 Qd6 13.Be2 Nd5 14.Nc4 Qf6 15.Bf3 Rd8
16.Ne5 Bb7 17.Nd3 Rab8 18.Re1 Bc8 19.Qe2 Re8 20.Ne5 Rb6 21.g3 Qe6 22.Qd1 Bxe5
23.Rxe5 Qd7 24.c4 Nf6 25.b3 Ng4 26.Re1 Qf5 27.Re4 h5 28.Bb2 a5 29.Rf4 Qd7
30.c5 Rb8 31.d5 cxd5 32.Bxd5 Nh6 33.Qf3 e5 34.Rf6 Kg7 35.Re1 c6 36.Rxe5 cxd5
37.Rxf7+ Nxf7 38.Re7+ d4 39.Qxf7+  1-0

[Event "European Ind w Rapid 2012"]
[Site "Gaziantep TUR"]
[Date "2012.03.15"]
[Round "9"]
[White "Kosintseva,T"]
[Black "Stefanova,A"]
[Result "1-0"]
[WhiteElo "2513"]
[BlackElo "2531"]

1.e4 d5 2.exd5 Qxd5 3.Nc3 Qd6 4.d4 Nf6 5.Nf3 g6 6.Bg5 Bg7 7.Qd2 Bf5 8.O-O-O a6
9.Bf4 Qb6 10.Ne5 Ne4 11.Nxe4 Bxe4 12.f3 Bd5 13.c4 Be6 14.c5 Qa7 15.Bc4 Bxc4
16.Nxc4 b6 17.Rhe1 Nd7 18.c6 Nf6 19.d5 b5 20.Be3 Qb8 21.Bc5 O-O 22.Ne3 Re8
23.Ng4 Qd8 24.Nxf6+ Bxf6 25.Re4 e5 26.dxe6 Qxd2+ 27.Rxd2 Rxe6 28.Rxe6 fxe6
29.Rd7 a5 30.Rxc7 Be5 31.Re7 Rc8 32.Rxe6 Bxh2 33.Kd2 Kf7 34.Re7+ Kf6 35.Rxh7 Rxc6
36.Bd4+ Be5 37.Bxe5+ Kxe5 38.Rb7 Rc5 39.Ke3 b4 40.Rb6 Kf5 41.g4+ Kg5 42.f4+ Kxg4
43.Rxg6+ Kh4 44.Rg2 Kh3 45.Rg5 Rc2 46.Kf3 Kh4 47.Rg4+ Kh5 48.Rg5+ Kh6 49.Rg2 Rc4
50.b3 Rc3+ 51.Ke4 a4 52.bxa4 Ra3 53.Kd5 Rxa4 54.Kc5 b3 55.axb3 Rxf4 56.b4 Rf5+
57.Kb6 Rf6+ 58.Ka5  1-0